• 首页
  • 本馆介绍
  • 公告通知
  • 最新文献
  • 馆藏检索
  • 电子资源
  • 读者导购
  • 参考咨询
  • 我的图书馆
  • 登录
  • 详细信息显示
  • 放入我的书架
  • 预约/预借图书
  • 作者相关作品
  • 分类相关作品
  • 丛书相关作品
  • 出版社相关作品

书目信息

  • 表格格式
  • 工作单格式
  • 卡片格式
题名:
跨国管理
    
 
作者: 巴特利特 , 戈歇尔 著 ;赵曙明 主译
分册:  
出版信息: 大连   东北财经大学出版社  2000
页数: 695页
开本: 24cm
丛书名: 工商管理经典译丛
单 册:
中图分类: F276.7
科图分类:
主题词: 跨国公司--企业管理
电子资源:
ISBN: 7-81044-626-6
000 01039nam2 2200277 45
001 0401050893
005 20040105102220.6
010    @a7-81044-626-6@dCNY68.00
100    @a20040105d2000 km y0chiy0120 ea
101 0  @achi@ceng
105    @a z 000yy
200 1  @a跨国管理@AKua Guo Guan Li@e教程、案例和阅读材料@EJiao Cheng、An Li He Yue Du Cai Liao@f(美)克里斯托弗·A·巴特利特著@F(Mei)Ke Li Si Tuo Fu·A·Ba Te Li Te Zhu@f(英)休曼特拉·戈歇尔著@F(Ying)Xiu Man Te La·Ge Xie Er Zhu@g赵曙明主译
210    @a大连@c东北财经大学出版社@d2000
215    @a695页@d24cm
225    @a工商管理经典译丛
300    @a哈佛商学院案例教程
300    @a本书根据Transnational Management(第二版)译
410    @12001 @a工商管理经典译丛
517    @a教程、案例和阅读材料@AJiao Cheng、An Li He Yue Du Cai Liao
606 0  @a跨国公司@x企业管理
690    @aF276.7@v4
701  0 @a巴特利特@4著
701  0 @a戈歇尔@4著
702  0 @a赵曙明@AZhao Shu Ming@4主译
801    @aCN@bTSTC@c20040105
905    @b330771-773@dF276.7@e143@f3
    
    跨国管理:教程、案例和阅读材料/(美)克里斯托弗·A·巴特利特著/(英)休曼特拉·戈歇尔著/赵曙明主译.-大连:东北财经大学出版社,2000
    695页;24cm.-(工商管理经典译丛)
    哈佛商学院案例教程.-本书根据Transnational Management(第二版)译
    
    ISBN 7-81044-626-6:CNY68.00
    
●
相关链接 在E读中查询图书 在五车中查询图书 在当当中查询图书 在豆瓣中查询图书


正题名:跨国管理     索取号:F276.7/143         预约/预借

序号 登录号 条形码 馆藏地/架位号 状态 备注
1 0330771   203307714   第一借阅区/ [索取号:F276.7/143] 在馆    
2 0330772   203307723   第一借阅区/ [索取号:F276.7/143] 在馆    
3 0330773   203307732   第一样本阅览室/ [索取号:F276.7/143] 在馆    
唐山师范学院图书馆 欢迎您!
大连网信软件有限公司© 版权所有